[Event "DEM U14w 2025"]
[Site "Willingen GER"]
[Date "2025.06.10"]
[Round "4"]
[White "Komar, Valerie"]
[Black "Huang, Jasmin Shuya"]
[Result "1-0"]
[Termination "normal"]
[Board "3"]
[WhiteElo "1765"]
[BlackElo "1795"]
[WhiteClock "00:23:19"]
[BlackClock "00:00:57"]
[PlyCount "77"]
[WhiteFideId "34139664"]
[BlackFideId "533015694"]
[EventCountry "GER"]
[EventRounds "9"]
[EventType "swiss"]
[EventDate "2025.06.07"]

1. d4 {[%clk 01:30:53]} {[%emt 00:00:06]} Nf6 {[%clk 01:30:52]} {[%emt
00:00:08]} 2. c4 {[%clk 01:31:22]} {[%emt 00:00:02]} e6 {[%clk 01:31:16]}
{[%emt 00:00:06]} 3. Nf3 {[%clk 01:30:09]} {[%emt 00:01:42]} d5 {[%clk
01:29:22]} {[%emt 00:02:25]} 4. Nc3 {[%clk 01:27:59]} {[%emt 00:02:40]} Bb4
{[%clk 01:28:13]} {[%emt 00:01:39]} 5. Bg5 {[%clk 01:27:15]} {[%emt 00:01:14]}
c6 {[%clk 01:21:58]} {[%emt 00:06:45]} 6. Qc2 {[%clk 01:23:25]} {[%emt
00:04:20]} Nbd7 {[%clk 01:19:38]} {[%emt 00:02:51]} 7. e3 {[%clk 01:13:17]}
{[%emt 00:10:38]} Qa5 {[%clk 01:11:07]} {[%emt 00:09:00]} 8. Nd2 {[%clk
01:11:12]} {[%emt 00:02:35]} O-O {[%clk 00:59:52]} {[%emt 00:11:45]} 9. Be2
{[%clk 01:05:31]} {[%emt 00:06:11]} Qc7 {[%clk 00:52:43]} {[%emt 00:07:39]} 10.
O-O {[%clk 01:01:36]} {[%emt 00:04:26]} e5 {[%clk 00:47:22]} {[%emt 00:05:50]}
11. c5 {[%clk 00:49:54]} {[%emt 00:12:13]} exd4 {[%clk 00:41:04]} {[%emt
00:06:48]} 12. exd4 {[%clk 00:50:21]} {[%emt 00:00:02]} h6 {[%clk 00:39:23]}
{[%emt 00:02:11]} 13. Bh4 {[%clk 00:45:38]} {[%emt 00:05:13]} Re8 {[%clk
00:30:29]} {[%emt 00:09:25]} 14. Rae1 {[%clk 00:42:08]} {[%emt 00:03:59]} b6
{[%clk 00:26:05]} {[%emt 00:04:55]} 15. a3 {[%clk 00:39:38]} {[%emt 00:03:01]}
Bxc3 {[%clk 00:26:18]} {[%emt 00:00:17]} 16. Qxc3 {[%clk 00:40:05]} {[%emt
00:00:02]} bxc5 {[%clk 00:24:27]} {[%emt 00:02:21]} 17. dxc5 {[%clk 00:39:45]}
{[%emt 00:00:50]} a5 {[%clk 00:22:18]} {[%emt 00:02:38]} 18. Bd3 {[%clk
00:37:54]} {[%emt 00:02:22]} Qd8 {[%clk 00:13:58]} {[%emt 00:08:50]} 19. Nf3
{[%clk 00:33:08]} {[%emt 00:05:16]} Ba6 {[%clk 00:12:55]} {[%emt 00:01:33]} 20.
Bxa6 {[%clk 00:32:17]} {[%emt 00:01:21]} Rxa6 {[%clk 00:13:24]} {[%emt
00:00:02]} 21. Nd4 {[%clk 00:32:05]} {[%emt 00:00:41]} g5 {[%clk 00:10:19]}
{[%emt 00:03:34]} 22. Bg3 {[%clk 00:31:29]} {[%emt 00:01:06]} Ne4 {[%clk
00:10:35]} {[%emt 00:00:14]} 23. Qe3 {[%clk 00:30:10]} {[%emt 00:01:46]} Nef6
{[%clk 00:09:21]} {[%emt 00:01:47]} 24. Qc1 {[%clk 00:29:16]} {[%emt 00:01:22]}
Re4 {[%clk 00:08:33]} {[%emt 00:01:21]} 25. Nf5 {[%clk 00:28:16]} {[%emt
00:01:29]} Kh7 {[%clk 00:07:03]} {[%emt 00:02:00]} 26. Nd6 {[%clk 00:27:26]}
{[%emt 00:01:20]} Re7 {[%clk 00:06:48]} {[%emt 00:00:46]} 27. Qc2+ {[%clk
00:27:40]} {[%emt 00:00:15]} Kg8 {[%clk 00:06:21]} {[%emt 00:00:57]} 28. Nf5
{[%clk 00:27:49]} {[%emt 00:00:21]} Re6 {[%clk 00:04:18]} {[%emt 00:02:33]} 29.
Nxh6+ {[%clk 00:27:34]} {[%emt 00:00:45]} Kg7 {[%clk 00:04:38]} {[%emt
00:00:10]} 30. Nf5+ {[%clk 00:28:02]} {[%emt 00:00:02]} Kg8 {[%clk 00:04:58]}
{[%emt 00:00:10]} 31. Bd6 {[%clk 00:27:22]} {[%emt 00:01:10]} Ne4 {[%clk
00:03:41]} {[%emt 00:01:48]} 32. f3 {[%clk 00:25:59]} {[%emt 00:01:52]} Nxd6
{[%clk 00:03:06]} {[%emt 00:01:05]} 33. cxd6 {[%clk 00:25:29]} {[%emt
00:01:00]} Qb6+ {[%clk 00:02:25]} {[%emt 00:01:12]} 34. Kh1 {[%clk 00:24:27]}
{[%emt 00:01:32]} Qc5 {[%clk 00:02:00]} {[%emt 00:00:56]} 35. Qd2 {[%clk
00:23:29]} {[%emt 00:01:27]} Ne5 {[%clk 00:01:28]} {[%emt 00:01:02]} 36. Qxg5+
{[%clk 00:23:07]} {[%emt 00:00:52]} Rg6 {[%clk 00:01:28]} {[%emt 00:00:30]} 37.
Ne7+ {[%clk 00:23:36]} {[%emt 00:00:01]} Kh7 {[%clk 00:01:20]} {[%emt
00:00:38]} 38. Qxe5 {[%clk 00:23:01]} {[%emt 00:01:05]} Rxd6 {[%clk 00:00:57]}
{[%emt 00:00:53]} 39. Qh5+ {[%clk 00:23:19]} {[%emt 00:00:12]} 1-0

[Event "DEM U14w 2025"]
[Site "Willingen GER"]
[Date "2025.06.10"]
[Round "4"]
[White "Färber, Anna"]
[Black "Frenzel, Qorianka"]
[Result "1-0"]
[Termination "normal"]
[Board "4"]
[WhiteElo "1702"]
[BlackElo "1650"]
[WhiteClock "00:13:55"]
[BlackClock "00:07:38"]
[PlyCount "75"]
[WhiteFideId "34633480"]
[BlackFideId "276294"]
[EventCountry "GER"]
[EventRounds "9"]
[EventType "swiss"]
[EventDate "2025.06.07"]

1. e4 {[%clk 01:30:56]} {[%emt 00:00:03]} e5 {[%clk 01:30:52]} {[%emt
00:00:08]} 2. Nf3 {[%clk 01:31:20]} {[%emt 00:00:05]} Nc6 {[%clk 01:31:14]}
{[%emt 00:00:09]} 3. d4 {[%clk 01:31:45]} {[%emt 00:00:06]} exd4 {[%clk
01:31:39]} {[%emt 00:00:05]} 4. Nxd4 {[%clk 01:32:07]} {[%emt 00:00:07]} Nf6
{[%clk 01:32:04]} {[%emt 00:00:05]} 5. Nxc6 {[%clk 01:32:29]} {[%emt 00:00:08]}
bxc6 {[%clk 01:32:29]} {[%emt 00:00:05]} 6. e5 {[%clk 01:32:52]} {[%emt
00:00:06]} Qe7 {[%clk 01:32:52]} {[%emt 00:00:07]} 7. Qe2 {[%clk 01:33:16]}
{[%emt 00:00:06]} Nd5 {[%clk 01:33:18]} {[%emt 00:00:05]} 8. h4 {[%clk
01:33:37]} {[%emt 00:00:09]} h6 {[%clk 01:24:00]} {[%emt 00:09:47]} 9. Nd2
{[%clk 01:29:50]} {[%emt 00:04:17]} a5 {[%clk 01:22:56]} {[%emt 00:01:35]} 10.
c4 {[%clk 01:26:48]} {[%emt 00:03:32]} Nb6 {[%clk 01:23:15]} {[%emt 00:00:10]}
11. b3 {[%clk 01:22:38]} {[%emt 00:04:40]} Ba6 {[%clk 01:21:36]} {[%emt
00:02:10]} 12. g3 {[%clk 01:20:00]} {[%emt 00:03:08]} d5 {[%clk 01:17:58]}
{[%emt 00:04:07]} 13. exd6 {[%clk 01:17:32]} {[%emt 00:02:59]} cxd6 {[%clk
01:17:37]} {[%emt 00:00:52]} 14. Bb2 {[%clk 01:15:10]} {[%emt 00:02:50]} Ra7
{[%clk 01:09:02]} {[%emt 00:09:05]} 15. Rc1 {[%clk 01:08:53]} {[%emt 00:06:47]}
Qxe2+ {[%clk 00:58:24]} {[%emt 00:11:08]} 16. Bxe2 {[%clk 01:08:45]} {[%emt
00:00:39]} Re7 {[%clk 00:50:33]} {[%emt 00:08:21]} 17. Kd1 {[%clk 01:01:59]}
{[%emt 00:07:16]} c5 {[%clk 00:44:34]} {[%emt 00:06:30]} 18. Re1 {[%clk
00:52:59]} {[%emt 00:09:30]} Bb7 {[%clk 00:40:40]} {[%emt 00:04:23]} 19. Bf3
{[%clk 00:48:48]} {[%emt 00:04:41]} Rxe1+ {[%clk 00:39:06]} {[%emt 00:02:05]}
20. Kxe1 {[%clk 00:49:11]} {[%emt 00:00:06]} Bxf3 {[%clk 00:38:41]} {[%emt
00:00:55]} 21. Nxf3 {[%clk 00:49:35]} {[%emt 00:00:06]} f6 {[%clk 00:35:33]}
{[%emt 00:03:38]} 22. Bc3 {[%clk 00:41:15]} {[%emt 00:08:51]} a4 {[%clk
00:31:46]} {[%emt 00:04:17]} 23. Ba5 {[%clk 00:41:03]} {[%emt 00:00:42]} Na8
{[%clk 00:30:19]} {[%emt 00:01:57]} 24. bxa4 {[%clk 00:40:32]} {[%emt
00:01:01]} Be7 {[%clk 00:29:27]} {[%emt 00:01:21]} 25. Rb1 {[%clk 00:38:54]}
{[%emt 00:02:09]} Kf7 {[%clk 00:28:44]} {[%emt 00:01:13]} 26. Kd2 {[%clk
00:35:59]} {[%emt 00:03:24]} Ke6 {[%clk 00:24:53]} {[%emt 00:04:22]} 27. Kd3
{[%clk 00:33:13]} {[%emt 00:03:16]} Rg8 {[%clk 00:23:25]} {[%emt 00:01:58]} 28.
h5 {[%clk 00:30:59]} {[%emt 00:02:44]} Rc8 {[%clk 00:17:16]} {[%emt 00:06:38]}
29. Rb7 {[%clk 00:27:36]} {[%emt 00:03:53]} Re8 {[%clk 00:14:30]} {[%emt
00:03:17]} 30. Nh4 {[%clk 00:23:22]} {[%emt 00:04:43]} f5 {[%clk 00:09:55]}
{[%emt 00:05:05]} 31. Ng6 {[%clk 00:22:04]} {[%emt 00:01:47]} Kf6 {[%clk
00:06:27]} {[%emt 00:03:59]} 32. Bc3+ {[%clk 00:21:06]} {[%emt 00:01:28]} Kf7
{[%clk 00:06:33]} {[%emt 00:00:24]} 33. Nxe7 {[%clk 00:14:58]} {[%emt
00:06:38]} Rxe7 {[%clk 00:06:45]} {[%emt 00:00:18]} 34. Rxe7+ {[%clk 00:15:25]}
{[%emt 00:00:02]} Kxe7 {[%clk 00:07:07]} {[%emt 00:00:08]} 35. Bxg7 {[%clk
00:15:27]} {[%emt 00:00:28]} Nb6 {[%clk 00:06:59]} {[%emt 00:00:38]} 36. a5
{[%clk 00:14:48]} {[%emt 00:01:10]} Na8 {[%clk 00:07:20]} {[%emt 00:00:09]} 37.
Bxh6 {[%clk 00:14:06]} {[%emt 00:01:11]} Kf7 {[%clk 00:07:38]} {[%emt
00:00:12]} 38. Bf4 {[%clk 00:13:55]} {[%emt 00:00:41]} 1-0

[Event "DEM U14w 2025"]
[Site "Willingen GER"]
[Date "2025.06.10"]
[Round "4"]
[White "Burchardi, Helena"]
[Black "Richter, Anastasia"]
[Result "1/2-1/2"]
[Termination "normal"]
[Board "5"]
[WhiteElo "1800"]
[BlackElo "1753"]
[WhiteClock "00:16:33"]
[BlackClock "00:02:26"]
[PlyCount "101"]
[WhiteFideId "34636374"]
[BlackFideId "34659099"]
[EventCountry "GER"]
[EventRounds "9"]
[EventType "swiss"]
[EventDate "2025.06.07"]

1. e4 {[%clk 01:30:57]} {[%emt 00:00:02]} c6 {[%clk 01:30:57]} {[%emt
00:00:04]} 2. d4 {[%clk 01:31:21]} {[%emt 00:00:06]} d5 {[%clk 01:31:23]}
{[%emt 00:00:04]} 3. exd5 {[%clk 01:31:44]} {[%emt 00:00:06]} cxd5 {[%clk
01:31:50]} {[%emt 00:00:04]} 4. Bd3 {[%clk 01:32:03]} {[%emt 00:00:11]} Nc6
{[%clk 01:32:07]} {[%emt 00:00:12]} 5. c3 {[%clk 01:32:24]} {[%emt 00:00:09]}
Nf6 {[%clk 01:32:23]} {[%emt 00:00:14]} 6. Bf4 {[%clk 01:32:38]} {[%emt
00:00:16]} Bg4 {[%clk 01:32:36]} {[%emt 00:00:18]} 7. Qb3 {[%clk 01:32:57]}
{[%emt 00:00:11]} Qc8 {[%clk 01:32:56]} {[%emt 00:00:08]} 8. Nd2 {[%clk
01:33:09]} {[%emt 00:00:19]} e6 {[%clk 01:32:56]} {[%emt 00:00:30]} 9. Ngf3
{[%clk 01:33:17]} {[%emt 00:00:22]} Be7 {[%clk 01:32:04]} {[%emt 00:01:22]} 10.
O-O {[%clk 01:32:51]} {[%emt 00:00:57]} Bh5 {[%clk 01:32:05]} {[%emt 00:00:28]}
11. Rac1 {[%clk 01:32:05]} {[%emt 00:01:16]} Bg6 {[%clk 01:26:58]} {[%emt
00:05:38]} 12. Bxg6 {[%clk 01:28:24]} {[%emt 00:04:11]} hxg6 {[%clk 01:27:08]}
{[%emt 00:00:19]} 13. c4 {[%clk 01:23:35]} {[%emt 00:05:19]} O-O {[%clk
01:18:29]} {[%emt 00:09:10]} 14. cxd5 {[%clk 01:20:30]} {[%emt 00:03:35]} Nxd5
{[%clk 01:16:50]} {[%emt 00:02:08]} 15. Bg3 {[%clk 01:20:05]} {[%emt 00:00:55]}
Qd7 {[%clk 01:11:30]} {[%emt 00:05:48]} 16. Nc4 {[%clk 01:14:37]} {[%emt
00:05:59]} Nf6 {[%clk 00:41:41]} {[%emt 00:30:20]} 17. Rfd1 {[%clk 01:09:19]}
{[%emt 00:05:48]} Rac8 {[%clk 00:35:30]} {[%emt 00:06:41]} 18. Nce5 {[%clk
00:58:19]} {[%emt 00:11:30]} Nxe5 {[%clk 00:34:25]} {[%emt 00:01:36]} 19. Nxe5
{[%clk 00:58:06]} {[%emt 00:00:42]} Qd5 {[%clk 00:34:02]} {[%emt 00:00:50]} 20.
Rc3 {[%clk 00:46:49]} {[%emt 00:11:51]} Qxb3 {[%clk 00:21:05]} {[%emt
00:13:27]} 21. Rxb3 {[%clk 00:45:50]} {[%emt 00:01:30]} b6 {[%clk 00:20:55]}
{[%emt 00:00:38]} 22. Rc3 {[%clk 00:41:10]} {[%emt 00:05:11]} Nd5 {[%clk
00:20:33]} {[%emt 00:00:50]} 23. Rcc1 {[%clk 00:36:14]} {[%emt 00:05:28]} Bg5
{[%clk 00:17:09]} {[%emt 00:03:53]} 24. Rxc8 {[%clk 00:31:46]} {[%emt
00:04:59]} Rxc8 {[%clk 00:17:37]} {[%emt 00:00:02]} 25. Nd3 {[%clk 00:29:39]}
{[%emt 00:02:37]} Rc4 {[%clk 00:12:16]} {[%emt 00:05:43]} 26. Ne5 {[%clk
00:27:38]} {[%emt 00:02:39]} Rc2 {[%clk 00:10:24]} {[%emt 00:02:19]} 27. Nd3
{[%clk 00:25:38]} {[%emt 00:02:33]} a5 {[%clk 00:05:56]} {[%emt 00:04:58]} 28.
a3 {[%clk 00:21:43]} {[%emt 00:04:25]} b5 {[%clk 00:05:37]} {[%emt 00:00:49]}
29. h3 {[%clk 00:19:42]} {[%emt 00:02:31]} b4 {[%clk 00:05:17]} {[%emt
00:00:51]} 30. Bd6 {[%clk 00:17:48]} {[%emt 00:02:23]} Bd2 {[%clk 00:02:25]}
{[%emt 00:03:20]} 31. axb4 {[%clk 00:11:30]} {[%emt 00:06:50]} Nxb4 {[%clk
00:02:45]} {[%emt 00:00:10]} 32. Bxb4 {[%clk 00:10:54]} {[%emt 00:01:07]} Bxb4
{[%clk 00:03:05]} {[%emt 00:00:08]} 33. Nxb4 {[%clk 00:08:10]} {[%emt
00:03:16]} axb4 {[%clk 00:03:33]} 34. d5 {[%clk 00:08:29]} {[%emt 00:00:11]}
exd5 {[%clk 00:03:30]} {[%emt 00:00:33]} 35. Rxd5 {[%clk 00:08:51]} {[%emt
00:00:08]} Kf8 {[%clk 00:02:35]} {[%emt 00:01:25]} 36. Rb5 {[%clk 00:07:26]}
{[%emt 00:01:56]} Rxb2 {[%clk 00:02:57]} {[%emt 00:00:07]} 37. g3 {[%clk
00:07:15]} {[%emt 00:00:41]} Ke7 {[%clk 00:03:00]} {[%emt 00:00:25]} 38. Rb7+
{[%clk 00:07:05]} {[%emt 00:00:42]} Ke6 {[%clk 00:03:10]} {[%emt 00:00:17]} 39.
Rb5 {[%clk 00:07:14]} {[%emt 00:00:24]} Kd6 {[%clk 00:02:44]} {[%emt 00:00:55]}
40. Rb7 {[%clk 00:06:55]} {[%emt 00:00:50]} b3 {[%clk 00:00:56]} {[%emt
00:02:18]} 41. Kg2 {[%clk 00:01:31]} {[%emt 00:05:54]} Kc6 {[%clk 00:25:02]}
{[%emt 00:06:24]} 42. Rb8 {[%clk 00:30:21]} {[%emt 00:01:37]} Kc5 {[%clk
00:24:01]} {[%emt 00:01:34]} 43. Rc8+ {[%clk 00:30:20]} {[%emt 00:00:29]} Kd4
{[%clk 00:24:03]} {[%emt 00:00:24]} 44. Rd8+ {[%clk 00:23:35]} {[%emt
00:07:20]} Kc3 {[%clk 00:24:23]} {[%emt 00:00:11]} 45. Rc8+ {[%clk 00:23:39]}
{[%emt 00:00:26]} Kd2 {[%clk 00:24:40]} {[%emt 00:00:10]} 46. Rb8 {[%clk
00:23:56]} {[%emt 00:00:16]} Ke1 {[%clk 00:19:29]} {[%emt 00:05:37]} 47. Kg1
{[%clk 00:23:14]} {[%emt 00:01:16]} Rb1 {[%clk 00:18:39]} {[%emt 00:01:20]} 48.
Kg2 {[%clk 00:23:05]} {[%emt 00:00:39]} Kd2 {[%clk 00:17:59]} {[%emt 00:01:03]}
49. Rb7 {[%clk 00:16:15]} {[%emt 00:07:26]} b2 {[%clk 00:02:12]} {[%emt
00:16:18]} 50. Rd7+ {[%clk 00:16:10]} {[%emt 00:00:35]} Kc2 {[%clk 00:02:26]}
{[%emt 00:00:16]} 51. Rc7+ {[%clk 00:16:33]} {[%emt 00:00:07]} 1/2-1/2

[Event "DEM U14w 2025"]
[Site "Willingen GER"]
[Date "2025.06.10"]
[Round "4"]
[White "Shakhimardanova, Nigina"]
[Black "Mehner, Clara"]
[Result "0-1"]
[Termination "normal"]
[Board "6"]
[WhiteElo "1534"]
[BlackElo "1643"]
[WhiteClock "01:04:34"]
[BlackClock "00:08:03"]
[PlyCount "84"]
[WhiteFideId "34648437"]
[BlackFideId "34612165"]
[EventCountry "GER"]
[EventRounds "9"]
[EventType "swiss"]
[EventDate "2025.06.07"]

1. e4 {[%clk 01:30:58]} {[%emt 00:00:01]} e6 {[%clk 01:30:54]} {[%emt
00:00:06]} 2. d3 {[%clk 01:31:25]} {[%emt 00:00:03]} d5 {[%clk 01:31:07]}
{[%emt 00:00:18]} 3. Nd2 {[%clk 01:31:48]} {[%emt 00:00:05]} Nf6 {[%clk
01:30:22]} {[%emt 00:01:17]} 4. Ngf3 {[%clk 01:32:09]} {[%emt 00:00:08]} c5
{[%clk 01:29:09]} {[%emt 00:01:43]} 5. g3 {[%clk 01:32:21]} {[%emt 00:00:18]}
Nc6 {[%clk 01:27:44]} {[%emt 00:01:56]} 6. Bg2 {[%clk 01:32:42]} {[%emt
00:00:09]} Be7 {[%clk 01:25:18]} {[%emt 00:02:56]} 7. O-O {[%clk 01:33:04]}
{[%emt 00:00:07]} O-O {[%clk 01:24:51]} {[%emt 00:00:58]} 8. Re1 {[%clk
01:33:29]} {[%emt 00:00:04]} Re8 {[%clk 01:20:54]} {[%emt 00:04:27]} 9. e5
{[%clk 01:33:49]} {[%emt 00:00:10]} Nd7 {[%clk 01:20:17]} {[%emt 00:01:08]} 10.
Nf1 {[%clk 01:34:07]} {[%emt 00:00:12]} f6 {[%clk 01:13:37]} {[%emt 00:07:10]}
11. Bf4 {[%clk 01:34:29]} {[%emt 00:00:08]} fxe5 {[%clk 01:09:41]} {[%emt
00:04:26]} 12. Nxe5 {[%clk 01:34:27]} {[%emt 00:00:32]} Ndxe5 {[%clk 01:08:06]}
{[%emt 00:02:04]} 13. Bxe5 {[%clk 01:34:51]} {[%emt 00:00:05]} Nxe5 {[%clk
01:08:17]} {[%emt 00:00:20]} 14. Rxe5 {[%clk 01:35:17]} {[%emt 00:00:04]} Bf6
{[%clk 01:07:04]} {[%emt 00:01:44]} 15. Rh5 {[%clk 01:34:40]} {[%emt 00:01:05]}
e5 {[%clk 00:42:56]} {[%emt 00:24:39]} 16. Ne3 {[%clk 01:33:49]} {[%emt
00:01:21]} g6 {[%clk 00:34:24]} {[%emt 00:09:03]} 17. Bxd5+ {[%clk 01:17:29]}
{[%emt 00:16:49]} Kg7 {[%clk 00:32:12]} {[%emt 00:02:41]} 18. Bxb7 {[%clk
01:17:54]} {[%emt 00:00:06]} Bxb7 {[%clk 00:21:00]} {[%emt 00:11:43]} 19. Rh3
{[%clk 01:18:14]} {[%emt 00:00:08]} Qd7 {[%clk 00:17:06]} {[%emt 00:04:25]} 20.
g4 {[%clk 01:16:51]} {[%emt 00:01:53]} Qc6 {[%clk 00:14:04]} {[%emt 00:03:33]}
21. f3 {[%clk 01:15:31]} {[%emt 00:01:49]} Rf8 {[%clk 00:12:21]} {[%emt
00:02:14]} 22. c4 {[%clk 01:13:09]} {[%emt 00:02:52]} Bg5 {[%clk 00:10:22]}
{[%emt 00:02:29]} 23. Nd5 {[%clk 01:13:32]} {[%emt 00:00:07]} Qd7 {[%clk
00:09:38]} {[%emt 00:01:12]} 24. Qe2 {[%clk 01:05:21]} {[%emt 00:08:42]} Bxd5
{[%clk 00:07:26]} {[%emt 00:02:43]} 25. Qxe5+ {[%clk 01:05:10]} {[%emt
00:00:40]} Bf6 {[%clk 00:07:39]} {[%emt 00:00:17]} 26. Qxd5 {[%clk 01:05:25]}
{[%emt 00:00:15]} Qxd5 {[%clk 00:08:03]} {[%emt 00:00:06]} 27. cxd5 {[%clk
01:05:45]} {[%emt 00:00:10]} Rad8 {[%clk 00:08:00]} {[%emt 00:00:32]} 28. Rb1
{[%clk 01:06:00]} {[%emt 00:00:17]} Rxd5 {[%clk 00:07:15]} {[%emt 00:01:14]}
29. f4 {[%clk 01:06:10]} {[%emt 00:00:20]} Bd4+ {[%clk 00:06:36]} {[%emt
00:01:09]} 30. Kf1 {[%clk 01:06:32]} {[%emt 00:00:08]} Rxf4+ {[%clk 00:06:45]}
{[%emt 00:00:21]} 31. Ke2 {[%clk 01:05:25]} {[%emt 00:01:37]} Re5+ {[%clk
00:06:49]} {[%emt 00:00:26]} 32. Kd1 {[%clk 01:05:15]} {[%emt 00:00:40]} Rf1+
{[%clk 00:06:58]} {[%emt 00:00:21]} 33. Kc2 {[%clk 01:05:40]} {[%emt 00:00:05]}
Re2+ {[%clk 00:07:15]} {[%emt 00:00:12]} 34. Kb3 {[%clk 01:04:58]} {[%emt
00:01:13]} Rxb1 {[%clk 00:07:37]} {[%emt 00:00:09]} 35. Kc4 {[%clk 01:05:23]}
{[%emt 00:00:04]} Rbxb2 {[%clk 00:07:43]} {[%emt 00:00:23]} 36. g5 {[%clk
01:05:02]} {[%emt 00:00:51]} Rb4+ {[%clk 00:07:10]} {[%emt 00:01:02]} 37. Kd5
{[%clk 01:05:14]} {[%emt 00:00:20]} Re5+ {[%clk 00:07:01]} {[%emt 00:00:39]}
38. Kc6 {[%clk 01:05:35]} {[%emt 00:00:08]} Rb6+ {[%clk 00:06:59]} {[%emt
00:00:32]} 39. Kd7 {[%clk 01:05:52]} {[%emt 00:00:14]} Rf5 {[%clk 00:07:07]}
{[%emt 00:00:23]} 40. Kc8 {[%clk 01:04:22]} {[%emt 00:02:00]} Rf7 {[%clk
00:07:20]} {[%emt 00:00:16]} 41. a4 {[%clk 01:04:23]} {[%emt 00:00:29]} Be5
{[%clk 00:07:40]} {[%emt 00:00:10]} 42. a5 {[%clk 01:04:34]} {[%emt 00:00:20]}
Rb8# {[%clk 00:08:03]} {[%emt 00:00:06]} 0-1

[Event "DEM U14w 2025"]
[Site "Willingen GER"]
[Date "2025.06.10"]
[Round "4"]
[White "Eitel, Liz"]
[Black "Chen, Yueyi"]
[Result "0-1"]
[Termination "normal"]
[Board "7"]
[WhiteElo "1736"]
[BlackElo "1851"]
[WhiteClock "01:07:47"]
[BlackClock "01:09:08"]
[PlyCount "54"]
[WhiteFideId "34622195"]
[BlackFideId "34653902"]
[EventCountry "GER"]
[EventRounds "9"]
[EventType "swiss"]
[EventDate "2025.06.07"]

1. c4 {[%clk 01:30:58]} {[%emt 00:00:01]} e5 {[%clk 01:30:54]} {[%emt
00:00:05]} 2. g3 {[%clk 01:31:23]} {[%emt 00:00:06]} Nf6 {[%clk 01:31:16]}
{[%emt 00:00:08]} 3. Nc3 {[%clk 01:31:48]} {[%emt 00:00:05]} d5 {[%clk
01:31:20]} {[%emt 00:00:27]} 4. d4 {[%clk 01:31:50]} {[%emt 00:00:28]} exd4
{[%clk 01:29:40]} {[%emt 00:02:09]} 5. Qxd4 {[%clk 01:31:30]} {[%emt 00:00:50]}
Nc6 {[%clk 01:28:10]} {[%emt 00:02:01]} 6. Qd3 {[%clk 01:28:27]} {[%emt
00:03:32]} Nb4 {[%clk 01:26:01]} {[%emt 00:02:39]} 7. Qd1 {[%clk 01:27:20]}
{[%emt 00:01:36]} dxc4 {[%clk 01:10:47]} {[%emt 00:15:45]} 8. Qa4+ {[%clk
01:27:26]} {[%emt 00:00:24]} Bd7 {[%clk 01:10:15]} {[%emt 00:01:02]} 9. Qd1
{[%clk 01:23:49]} {[%emt 00:04:07]} Bf5 {[%clk 01:09:49]} {[%emt 00:00:56]} 10.
Qa4+ {[%clk 01:16:49]} {[%emt 00:07:31]} c6 {[%clk 01:09:10]} {[%emt 00:01:09]}
11. e4 {[%clk 01:14:10]} {[%emt 00:03:08]} Nxe4 {[%clk 01:08:42]} {[%emt
00:00:58]} 12. Bxc4 {[%clk 01:10:52]} {[%emt 00:03:49]} Nxc3 {[%clk 01:08:21]}
{[%emt 00:00:50]} 13. bxc3 {[%clk 01:10:30]} {[%emt 00:00:52]} Bc2 {[%clk
01:07:30]} {[%emt 00:01:21]} 14. Bg5 {[%clk 01:08:09]} {[%emt 00:02:51]} Bxa4
{[%clk 01:07:18]} {[%emt 00:00:42]} 15. Bxd8 {[%clk 01:08:22]} {[%emt
00:00:17]} Nc2+ {[%clk 01:07:31]} {[%emt 00:00:17]} 16. Ke2 {[%clk 01:08:00]}
{[%emt 00:00:51]} Nxa1 {[%clk 01:07:36]} {[%emt 00:00:25]} 17. Bg5 {[%clk
01:07:48]} {[%emt 00:00:42]} f6 {[%clk 01:07:30]} {[%emt 00:00:37]} 18. Be3
{[%clk 01:08:02]} {[%emt 00:00:15]} Nc2 {[%clk 01:07:28]} {[%emt 00:00:32]} 19.
Nf3 {[%clk 01:07:14]} {[%emt 00:01:19]} Nxe3 {[%clk 01:07:46]} {[%emt
00:00:12]} 20. Kxe3 {[%clk 01:07:40]} {[%emt 00:00:04]} Bc5+ {[%clk 01:08:09]}
{[%emt 00:00:07]} 21. Ke2 {[%clk 01:07:48]} {[%emt 00:00:22]} O-O-O {[%clk
01:07:48]} {[%emt 00:00:50]} 22. Rb1 {[%clk 01:07:32]} {[%emt 00:00:47]} Rhe8+
{[%clk 01:08:10]} {[%emt 00:00:08]} 23. Kf1 {[%clk 01:07:48]} {[%emt 00:00:14]}
Rd1+ {[%clk 01:08:20]} {[%emt 00:00:21]} 24. Rxd1 {[%clk 01:08:01]} {[%emt
00:00:16]} Bxd1 {[%clk 01:08:45]} {[%emt 00:00:05]} 25. Nd2 {[%clk 01:08:18]}
{[%emt 00:00:12]} Bg4 {[%clk 01:09:03]} {[%emt 00:00:12]} 26. Kg2 {[%clk
01:08:18]} {[%emt 00:00:31]} b5 {[%clk 01:09:09]} {[%emt 00:00:24]} 27. Bb3
{[%clk 01:07:47]} {[%emt 00:01:02]} Re2 {[%clk 01:09:08]} {[%emt 00:00:31]} 0-1